000 01096nam a22002537a 4500
999 _c7709
_d7709
003 AR-CdUCM
008 190321b ||||| |||| 00| 0 spa d
040 _aMUNICIPALIDAD PROVINCIAL DEL CUSCO
_cBIBLIOTECA MUNICIPAL DEL CUSCO
041 _heng
082 _27ed.
_a657.072 /
_bK46
100 _aKester, Roy Bernard
_921771
245 _aContabilidad :
_bteoría y práctica /
260 _aBarcelona :
_bLabor,
_c1975
300 _aXVI, 587 páginas ;
_bilustraciones,
_c23 cm.
500 _at.3: Contabilidad aplicada.
505 _aContenido: t.3: Organización del control en Contabilidad -- Análisis de estados financieros desde el punto de vista del crédito -- Contabilidad de cambio extranjero -- Contabilidad de cajas o bancos de ahorro -- Contabilidad de las minas de carbón bituminoso ...
650 _aContabilidad de diferentes instituciones
_921772
650 _aBancos, cajas
_921773
650 _aOrganización
_94866
700 _aAndany Sanz, Ángel (traducción)
_921774
700 _aCortada Reus, Francisco (suplemento)
_921775
942 _2ddc
_cLIBROS
945 _aachl